<?xml version="1.0" encoding="UTF-8"?><?xml-stylesheet type="text/xsl" href="static/style.xsl"?><OAI-PMH xmlns="http://www.openarchives.org/OAI/2.0/" xmlns:xsi="http://www.w3.org/2001/XMLSchema-instance" xsi:schemaLocation="http://www.openarchives.org/OAI/2.0/ http://www.openarchives.org/OAI/2.0/OAI-PMH.xsd"><responseDate>2026-06-29T16:41:56Z</responseDate><request verb="GetRecord" identifier="oai:docta.ucm.es:20.500.14352/121785" metadataPrefix="marc">https://docta.ucm.es/rest/oai/request</request><GetRecord><record><header><identifier>oai:docta.ucm.es:20.500.14352/121785</identifier><datestamp>2025-06-25T00:13:53Z</datestamp><setSpec>com_20.500.14352_14</setSpec><setSpec>col_20.500.14352_15</setSpec></header><metadata><record xmlns="http://www.loc.gov/MARC21/slim" xmlns:dcterms="http://purl.org/dc/terms/" xmlns:xsi="http://www.w3.org/2001/XMLSchema-instance" xmlns:doc="http://www.lyncode.com/xoai" xsi:schemaLocation="http://www.loc.gov/MARC21/slim http://www.loc.gov/standards/marcxml/schema/MARC21slim.xsd">
   <leader>00925njm 22002777a 4500</leader>
   <datafield ind2=" " ind1=" " tag="042">
      <subfield code="a">dc</subfield>
   </datafield>
   <datafield ind2=" " ind1=" " tag="720">
      <subfield code="a">Valdivieso González, David</subfield>
      <subfield code="e">author</subfield>
   </datafield>
   <datafield ind2=" " ind1=" " tag="720">
      <subfield code="a">Sacristán Fernández, Miguel Ángel</subfield>
      <subfield code="e">author</subfield>
   </datafield>
   <datafield ind2=" " ind1=" " tag="720">
      <subfield code="a">Natale, Paolo</subfield>
      <subfield code="e">author</subfield>
   </datafield>
   <datafield ind2=" " ind1=" " tag="720">
      <subfield code="a">Orgaz Martín, Belén</subfield>
      <subfield code="e">author</subfield>
   </datafield>
   <datafield ind2=" " ind1=" " tag="720">
      <subfield code="a">Lillo, Pilar M.</subfield>
      <subfield code="e">author</subfield>
   </datafield>
   <datafield ind2=" " ind1=" " tag="720">
      <subfield code="a">Almendro Vedia, Víctor Galileo</subfield>
      <subfield code="e">author</subfield>
   </datafield>
   <datafield ind2=" " ind1=" " tag="720">
      <subfield code="a">López Montero, Iván</subfield>
      <subfield code="e">author</subfield>
   </datafield>
   <datafield ind2=" " ind1=" " tag="260">
      <subfield code="c">2025</subfield>
   </datafield>
   <datafield ind2=" " ind1=" " tag="520">
      <subfield code="a">Energy homeostasis in cells relies on the rotary motion of ATP synthase. The spinning movement is also assumed to impact the mechanical properties of the surrounding lipids, leading to emergent effects such as non-equilibrium membrane fluctuations or protein curvature sorting in model systems. Here, we demonstrate that ATP synthase rotation reduces lateral pressure by decreasing lipid packing in both artificial and bacterial membranes. Using micropipette aspiration and fluorescence lifetime imaging microscopy, we find that the rotation of ATP synthase lowers the membrane tension of giant unilamellar vesicles, making the membranes more flexible. Fluorescent probes sensitive to lipid packing confirm that ATP synthase lowers membrane surface pressure during rotation. In vivo experiments in Bacillus subtilis further reveal that stimulation of ATP synthase rotation with specific drugs decreases the lateral pressure of the plasma membrane. These findings suggest that ATP synthase plays a significant role in modulating the mechanical properties of native membranes, potentially driving biological processes linked to membrane dynamics and protein self-assembly.</subfield>
   </datafield>
   <datafield ind1="8" ind2=" " tag="024">
      <subfield code="a">Valdivieso González, D., Sacristán, M. A., Natale, P., Orgaz, B., Lillo, M. P., Almendro-Vedia, V., &amp; López-Montero, I. (2025). Elastic remodeling of model and cell membranes by rotating ATP synthase. Cell Reports Physical Science, 6(5), 102567. https://doi.org/10.1016/j.xcrp.2025.102567</subfield>
   </datafield>
   <datafield ind1="8" ind2=" " tag="024">
      <subfield code="a">10.1016/j.xcrp.2025.102567</subfield>
   </datafield>
   <datafield ind1="8" ind2=" " tag="024">
      <subfield code="a">https://hdl.handle.net/20.500.14352/121785</subfield>
   </datafield>
   <datafield ind1="8" ind2=" " tag="024">
      <subfield code="a">2666-3864</subfield>
   </datafield>
   <datafield ind1="8" ind2=" " tag="024">
      <subfield code="a">https://doi.org/10.1016/j.xcrp.2025.102567</subfield>
   </datafield>
   <datafield ind2="0" ind1="0" tag="245">
      <subfield code="a">Elastic remodeling of model and cell membranes by rotating ATP synthase</subfield>
   </datafield>
</record></metadata></record></GetRecord></OAI-PMH>